| 000 | 00564 a2200217 4500 | ||
|---|---|---|---|
| 005 | 20251224150338.0 | ||
| 008 | 251224b |||||||| |||| 00| 0 eng d | ||
| 020 |
_a9780470672877 _c$ 65.95 |
||
| 040 | _aMAIN | ||
| 082 |
_a910.161 _bG226G(3) |
||
| 100 | _aGatrell, Anthony C | ||
| 245 | _aGeographies of health: An introduction | ||
| 250 | _a3rd | ||
| 260 |
_bJohn Wiley _aChichester _c2015 |
||
| 300 | _axiii, 405 | ||
| 650 | _aGeography | ||
| 650 | _aMedical Geography | ||
| 650 | _aEnvironmental Health | ||
| 700 | _aElliott, Susan J | ||
| 942 | _cBK | ||
| 999 |
_c393295 _d393295 |
||